DISSZONÁNS ÖRÖKSÉGEK DISSONANT HERITAGES

Bibliográfiai részletek
Szerző: Hübner Andrea
Dokumentumtípus: Cikk
Megjelent: Budapesti Gazdasági Egyetem 2023
Sorozat:Multidiszciplináris Kihívások, Sokszínű Válaszok 2023 No. 1 különkiadás
Tárgyszavak:
mtmt:https://doi.org/10.33565/MKSV.2023.KSZ.01.03
Kulcsszavak:Vitatott örökség
Identitás
Emlékezet
Elképzelt helyek
Online Access:http://publikaciotar.uni-bge.hu/2530

MARC

LEADER 00000nab a2200000 i 4500
001 publ2530
005 20260306114948.0
008 260306s2023 hu o 000 zxx d
022 |a 2630-886X 
024 |a https://doi.org/10.33565/MKSV.2023.KSZ.01.03  |2 doi 
040 |a BGE Publikációtár Repozitórium  |b hun 
100 1 |a Hübner Andrea 
245 1 0 |a DISSZONÁNS ÖRÖKSÉGEK  |b DISSONANT HERITAGES  |c Hübner Andrea  |h [elektronikus dokumentum] 
260 |a Budapesti Gazdasági Egyetem  |c 2023 
300 |a 66-87 
490 0 |a Multidiszciplináris Kihívások, Sokszínű Válaszok  |v 2023 No. 1 különkiadás 
520 3 |a Interdiszciplináris írásomban az úgynevezett disszonáns vagy vitatható örökségek tanulmányozhatóságának elméleti kereteit vizsgálom. Ahhoz, hogy az egymásnak ellentmondó tartalmú helyek, hagyományok, vagy tárgyak jelentéseit ki lehessen bontani, az identitáselméletek, az emlékezetelméletek és a helyelméletek, különösen az un. elképzelt helyek elmélete felől érdemes közelíteni az érzelmek pszichológiai vizsgálatának keretében a látogatók és a helyi közösségek tekintetében a multidimenzionális vs. eurocentrikus történettudományi megfontolásokat figyelembe véve. 
650 4 |a muvészettörténeti és muvelodéstörténeti tudományok 
695 |a Vitatott örökség 
695 |a Identitás 
695 |a Emlékezet 
695 |a Elképzelt helyek 
856 4 0 |u https://publikaciotar.uni-bge.hu/id/eprint/2530/1/10054-Cikk%20sz%C3%B6veg-51415-2-10-20230718.pdf  |z Dokumentum-elérés